日本のラムサール条約登録湿地 - Statistics

General Stats
  • This quiz has been taken 103 times
  • The average score is 4 of 52
Answer Stats
エリア 条約地 % Correct
北海道 釧路湿原
80%
沖縄 漫湖
43%
北海道 阿寒湖
34%
近畿 琵琶湖
33%
関東 谷津干潟
26%
中国 中海
21%
中国 宍道湖
21%
関東 尾瀬
20%
北海道 クッチャロ湖
13%
北海道 ウトナイ湖
13%
北海道 大沼
13%
東海 藤前干潟
11%
関東 渡良瀬遊水地
10%
北海道 サロベツ原野
8%
北海道 霧多布湿原
8%
関東 涸沼
8%
北海道 雨竜沼湿原
3%
東北 伊豆沼・内沼
3%
東北 化女沼
3%
関東 葛西海浜公園
3%
信越・北陸 瓢湖
3%
信越・北陸 中池見湿地
3%
信越・北陸 三方五湖
3%
沖縄 名蔵アンパル
3%
北海道 濤沸湖
2%
北海道 風蓮湖・春国岱
2%
東北 蕪栗沼・ 周辺水田
2%
東北 志津川湾
2%
東北 大山上池・下池
2%
関東 奥日光の湿原
2%
信越・北陸 佐潟
2%
東海 東海丘陵湧水湿地群
2%
中国 宮島
2%
北海道 野付半島・ 野付湾
0%
北海道 宮島沼
0%
北海道 厚岸湖・別寒辺牛湿原
0%
東北 仏沼
0%
関東 芳ヶ平湿地群
0%
信越・北陸 立山弥陀ヶ原・大日平
0%
信越・北陸 片野鴨池
0%
近畿 円山川下流域・周辺水田
0%
近畿 串本沿岸海域
0%
中国 秋吉台地下水系
0%
九州 東よか干潟
0%
九州 肥前鹿島干潟
0%
九州 荒尾干潟
0%
九州 くじゅう坊ガツル・タデ原湿原
0%
九州 藺牟田池
0%
九州 屋久島永田浜
0%
沖縄 久米島の渓流・湿地
0%
沖縄 慶良間諸島海域
0%
沖縄 与那覇湾
0%
No matching quizzes found
Score Distribution
Percent of People with Each Score
Percentile by Number Answered
Your Score History
You have not taken this quiz